Romanian: Food & Drink - Statistics

General Stats
  • This quiz has been taken 73 times
    4 since last reset
  • The average score is 232 of 367
Answer Stats
Română English % Correct
Alcool Alcohol
100%
Apetit Appetite
100%
Măr Apple
100%
Avocado Avocado
100%
Slănină Bacon
100%
Banană Banana
100%
Fasole/Boabe Beans
100%
Carne de vită/Carne de vacă Beef
100%
Bere Beer
100%
Afină/Bobiță albastră Blueberry
100%
Pâine Bread
100%
Dejun/Mic dejun Breakfast
100%
Broccoli Broccoli
100%
Varză de Bruxelles Brussel sprouts
100%
Unt Butter
100%
Tort/Prăjitură Cake
100%
Cantalup Cantaloupe
100%
Bomboană de caramel Caramel
100%
Morcov Carrot
100%
Conopidă Cauliflower
100%
Brânză Cheese
100%
Cireașă/Cireș/Vișină Cherry
100%
Ciocolată Chocolate
100%
Cacao Cocoa
100%
Cocos/Nucă de cocos Coconut
100%
Cafea Coffee
100%
Condiment Condiment
100%
Biscuit/Fursec Cookie
100%
Cremă/Smântână Cream
100%
Crustă Crust
100%
Castravete Cucumber
100%
Desert Dessert
100%
Dietă Diet
100%
Cină Dinner
100%
Ou Egg
100%
Vânătă Eggplant
100%
Pește Fish
100%
Făină Flour
100%
Aliment/Mâncare/Hrană Food
100%
Fruct/Rod Fruit
100%
Strugure Grape
100%
Pomelo/Grepfrut Grapefruit
100%
Fasole verde Greenbeans
100%
Jambon/Șuncă Ham
100%
Miere Honey
100%
Ciocolată caldă/Ciocolată fierbinte Hot chocolate
100%
Sos picant/Sos iute Hot sauce
100%
Gheață Ice
100%
Înghețată Ice cream
100%
Ingredient Ingredient
100%
Suc Juice
100%
Ketchup Ketchup
100%
Kiwi Kiwi
100%
Leguminoasă Legume
100%
Lămâie Lemon
100%
Limonadă Lemonade
100%
Lăptucă/Salată verde Lettuce
100%
Limetă Lime
100%
Lichior Liquor
100%
Prânz Lunch
100%
Mango Mango
100%
Marinată Marinade
100%
Carne Meat
100%
Ruladă de carne Meatloaf
100%
Lapte Milk
100%
Mentă Mint
100%
Muștar Mustard
100%
Măslină Olive
100%
Ulei de măsline Olive oil
100%
Portocală Orange
100%
Pastă Pasta
100%
Piersică Peach
100%
Pară Pear
100%
Nucă pecan Pecan
100%
Plăcintă Pie
100%
Ananas Pineapple
100%
Pizză Pizza
100%
Prună Plum
100%
Carne de porc Pork
100%
Cartof Potato
100%
Prună uscată/Prună deshidratată Prune
100%
Ridiche Radish
100%
Rubarbă/Rabarbăr Rhubarb
100%
Orez Rice
100%
Șofran Saffron
100%
Salată Salad
100%
Somon Salmon
100%
Sare Salt
100%
Sandviș Sandwich
100%
Sardină Sardine
100%
Sos Sauce
100%
Fructe de mare Seafood
100%
Gustare Snack
100%
Supă/Ciorbă Soup
100%
Smântână acră/Smântână fermentată Sour cream
100%
Căpșună/Fragă Strawberry
100%
Zahăr Sugar
100%
Cartof dulce/Batat Sweet potato
100%
Sirop Syrup
100%
Ceai Tea
100%
Roșie Tomato
100%
Vanilie Vanilla
100%
Vegan/Vegană Vegan
100%
Vegetarian/Vegetariană Vegetarian
100%
Oțet Vinegar
100%
Apă Water
100%
Vin Wine
100%
Iaurt Yogurt
100%
Dovleac (also pumpkin, squash) Zucchini
100%
Piper de Jamaica Allspice
50%
Migdală Almond
50%
Unt de migdale/Pastă de migdale Almond butter
50%
Anșoa/Hamsie Anchovy
50%
Aperitiv Appetizer
50%
Piure de mere/Sos de mere Apple sauce
50%
Caisă Apricot
50%
Anghinare Artichoke
50%
Rucola Arugula
50%
Sparanghel Asparagus
50%
Chiflă (also bun, roll) Bagel
50%
Orz Barley
50%
Busuioc Basil
50%
Salată de fasole Bean salad
50%
Sfeclă/Sfeclă roșie/Rădăcină de sfeclă Beet
50%
Bergamotă Bergamot
50%
Bacă Berry
50%
Mură Blackberry
50%
Tărâțe Bran
50%
Rachiu Brandy
50%
Nucă de Brazilia/Nucă braziliană Brazil nut
50%
Zeamă/Bulion Broth
50%
Zahăr brun Brown sugar
50%
Bufet/Masă tip bufet Buffet
50%
Ruladă mexicană Burrito
50%
Varză Cabbage
50%
Cofeină Caffeine
50%
Bomboană Candy
50%
Bomboană baston/Baston de bomboane/Baston de zahăr Candy cane
50%
Capere Capers
50%
Cardamom Cardamom
50%
Caju/Nucă de caju Cashew
50%
Casserolă/Mâncare la cuptor Casserole
50%
Icre negre/Caviar Caviar
50%
Cereală Cereal
50%
Șampanie Champagne
50%
Prăjitură cu brânză Cheesecake
50%
Castană Chestnut
50%
Pui Chicken
50%
Năut Chickpea
50%
Cicoare Chicory
50%
Ardei iute Chili
50%
Arpagic Chive
50%
Picături de ciocolată/Chipsuri de ciocolată Chocolate chips
50%
Lapte cu ciocolată/Lapte de ciocolată Chocolate milk
50%
Cidru Cider
50%
Coriandru Cilantro
50%
Scorțișoară Cinnamon
50%
Clementină Clementine
50%
Băutură mixtă/Băutură alcoolică Cocktail
50%
Cognac Cognac
50%
Salată de varză Coleslaw
50%
Cofetărie Confectionary
50%
Porumb/Cucuruz Corn
50%
Făină de porumb Cornflour
50%
Amidon de porumb Cornstarch
50%
Sirop de porumb Corn syrup
50%
Zahăr filat/Vată de zahăr Cotton candy
50%
Merișor Cranberry
50%
Brânză cremă Cream cheese
50%
Croissant Croissant
50%
Firimituri Crumbs
50%
Chimen/Chimion Cumin
50%
Curry Curry
50%
Cotlet Cutlet
50%
Lactate Dairy
50%
Curmal/Dactilă Date
50%
Mărar Dill
50%
Aluat/Cocă Dough
50%
Gogoașă/Gogoș Doughnut
50%
Pitaya/Fructul dragonului Dragon fruit
50%
Băutură Drink
50%
Colțunaș/Găluște Dumpling
50%
Durian Durian
50%
Lichior de ouă Eggnog
50%
Soc/Bacă de soc Elderberry
50%
Andivă Endive
50%
Mâncare rapidă Fast food
50%
Fenicul Fennel
50%
Smochin Fig
50%
File Fillet
50%
Savoare Flavour
50%
Frigănele French toast
50%
Cartofi prăjiți/Cartofi pai Fries
50%
Plăcintă prăjită/Chifteluță prăjită Fritter
50%
Cozonac cu fructe/Chec cu fructe/Prăjitură cu fructe Fruitcake
50%
Băutură de fructe Fruit punch
50%
Usturoi/Ai Garlic
50%
Gin Gin
50%
Ghimbir Ginger
50%
Turtă dulce/Prăjitură cu ghimbir Gingerbread
50%
Gluten Gluten
50%
Agrișă Gooseberry
50%
Tărtăcuță Gourd
50%
Sos de carne/Sos gros Gravy
50%
Sandviș cu brânză/Sandviș cu brânză topită/Sandviș cu brânză la grătar Grilled cheese
50%
Guava Guava
50%
Sandviș cu chiftea de vită Hamburger
50%
Alun/Nucă de alun Hazelnut
50%
Plantă aromatică Herb
50%
Cârnați în pâine Hotdog
50%
Cub de gheață/Cubuleț de gheață Ice cube
50%
Ceai rece/Ceai cu gheață/Ceai înghețat/Ceai răcoritor Iced tea
50%
Glazură Icing
50%
Fructul de jack Jackfruit
50%
Marmeladă/Gem Jam
50%
Jeleu Jelly
50%
Bomboană masticabilă Jujube
50%
Varză creață Kale
50%
Frigărui/Friptură pe băț Kebab
50%
Kumquat Kumquat
50%
Carne de miel Lamb
50%
Lasagna/Lasagne Lasagna
50%
Praz/Ceapă verde Leek
50%
Iarbă de lămâie Lemongrass
50%
Linte Lentil
50%
Lemn dulce Licorice
50%
Ficat Liver
50%
Franzelă (also bread) Loaf
50%
Mușchi (also muscle)/Zona lombară Loin
50%
Acadea Lollipop
50%
Nespelă Loquat
50%
Lichi/Lichee Lychee
50%
Macaroane Macaroni
50%
Malț Malt
50%
Mangostan Mangosteen
50%
Sirop de arțar Maple syrup
50%
Măghiran Marjoram
50%
Bezea Marshmallow
50%
Maioneză Mayonnaise
50%
Mied/Hidromel Mead
50%
Masă (also table) Meal
50%
Chiftea/Chifteluță Meatball
50%
Pepene/Pepene galben Melon
50%
Băutură cu lapte/Băutură de lapte/Lapte cu înghețată Milkshake
50%
Mei/Cereale de mei Millet
50%
Melasă Molasses
50%
Brioșă Muffin
50%
Dudă Mulberry
50%
Ciupercă Mushroom
50%
Nectarină/Piersică netedă Nectarine
50%
Tăiței/Fidea Noodles
50%
Nucă/Alună Nut
50%
Nucșoară Nutmeg
50%
Fulgi de ovăz/Terci de ovăz Oatmeal
50%
Omletă Omelette
50%
Ceapă Onion
50%
Oregano Oregano
50%
Clătită Pancake
50%
Papaya Papaya
50%
Boia Paprika
50%
Pătrunjel Parsley
50%
Păstârnac Parsnip
50%
Maracuja/Fructul pasiunii Passion fruit
50%
Patiserie Pastry
50%
Arahidă Peanut
50%
Unt de arahide Peanut butter
50%
Mazăre/Mazăre verde Peas
50%
Coajă Peel
50%
Piper/Ardei Pepper
50%
Mentă piperată/Mentă creață Peppermint
50%
Cârnat picant/Salam picant Pepperoni
50%
Kaki/Persimon Persimmon
50%
Murătură/Castravete murat Pickle
50%
Fistic Pistachio
50%
Banană verde Plantain
50%
Rodie Pomegranate
50%
Floricele/Păpușoi expandat/Porumb expandat Popcorn
50%
Înghețată pe băț Popsicle
50%
Terci Porridge
50%
Carne de pasăre/Păsări de curte Poultry
50%
Covrig Pretzel
50%
Smochină de barbaria/Smochină de India Prickly pear
50%
Budincă Pudding
50%
Bostan Pumpkin
50%
Piure Puree
50%
Gutui Quince
50%
Stafidă/Strugure uscat Raisin
50%
Rambutan Rambutan
50%
Zmeură Raspberry
50%
Varză roșie Red cabbage
50%
Vin roșu Red wine
50%
Murături tocate Relish
50%
Bere de rădăcină Root beer
50%
Rozmarin Rosemary
50%
Rom Rum
50%
Secară/Grâu de secară Rye
50%
Sake Sake
50%
Sos pentru salată Salad dressing
50%
Salam Salami
50%
Cârnați Sausage
50%
Semințe Seed
50%
Susan Sesame
50%
Șalotă Shallot
50%
Carne de scoică Shellfish
50%
Creveți Shrimp
50%
Lapte degresat Skim milk
50%
Piure de fructe Smoothie
50%
Zăpadă rasă Snowcone
50%
Băutură răcoritoare Soft drink
50%
Șerbet Sorbet
50%
Soia Soy
50%
Lapte de soia Soy milk
50%
Sos de soia Soy sauce
50%
Spaghete Spaghetti
50%
Mirodenie Spice
50%
Spanac Spinach
50%
Spirtoase Spirit
50%
Rulou de primăvară Spring roll
50%
Amidon Starch
50%
Carambola/Fructul stea Starfruit
50%
Biftec/Friptură Steak
50%
Tocăniță/Tocană Stew
50%
Mâncare stradală/Mâncare de stradă Street food
50%
Sultană Sultana
50%
Sushi Sushi
50%
Îndulcitor Sweetener
50%
Taco Taco
50%
Bomboane lipicioase Taffy
50%
Tamarin Tamarind
50%
Mandarină Tangerine
50%
Tarhon Tarragon
50%
Tequila Tequila
50%
Cimbru/Thymus Thyme
50%
Pâine prăjită/Felie prăjită Toast
50%
Tofu Tofu
50%
Păstrăv Trout
50%
Trufă Truffle
50%
Ton Tuna
50%
Curcuma Turmeric
50%
Nap Turnip
50%
Carne de vițel Veal
50%
Legumă Vegetable
50%
Carne de cerb Venison
50%
Vodcă Vodka
50%
Vafă Waffle
50%
Wasabi Wasabi
50%
Năsturel/Creson de apă Watercress
50%
Pepene verde Watermelon
50%
Grâu (also grain) Wheat
50%
Frișcă/Smântână bătută Whipped cream
50%
Whisky Whiskey
50%
Vin alb White wine
50%
Ignamă Yam
50%
Drojdie/Levură Yeast
50%
Gălbenuș Yolk
50%
Roșcov/Roșcovan Carob
0%
Manioc Cassava
0%
Țelină Celery
0%
Mangold/Spanac elvețian Chard
0%
Asmățui Chervil
0%
Cuișor Clove
0%
Coacăz Currant
0%
Baton cu cereale Granola bar
0%
Hamei Hop
0%
Gulie Kohlrabi
0%
Bamia Okra
0%
Pescetar/Pescetară Pescetarian
0%
No matching quizzes found
Score Distribution
Percent of People with Each Score
Percentile by Number Answered
Your Score History
You have not taken this quiz since the last reset